000 00573nam a22001937a 4500
999 _c173100
_d173100
005 20200218143745.0
010 _aA-688338
020 _c15.00
035 _aA-688338
037 _bBPPD/Pub.
082 _a440
100 _aرشید حسن خاں
245 _aعبارت کیسے لکھیں /
_cرشید حسن خاں
246 _aIbarat Kaise Likhen (urdu) /
_bby Rasheed Hasan Khan
260 _aNew Delhi
_bMaktaba Jamia
_c1994 ء
270 _aJamia Nagar
_bNew Delhi
_e110025
300 _a136p.
_c20cm(Hb)
942 _2ddc
_cUR
_mر ش ی
_h440